| 000 | 00543nam a2200169 a 4500 | ||
|---|---|---|---|
| 001 | 000036482 | ||
| 005 | 20200930075744.0 | ||
| 008 | 120118s19uu sp 000 0 spa d | ||
| 020 | _a8434200082 | ||
| 040 |
_aDO-SdBNP _bspa _cBNPHU |
||
| 100 | 1 |
_aParramón, José María _962710 |
|
| 245 | 1 | 0 |
_aAsí se compone un cuadro / : _bJosé Mª Parramón. |
| 260 |
_aBarcelona, España : _bInstituto Parramón, _c[197?]. |
||
| 300 |
_a111 p. : _bil. ; _c27 cm. |
||
| 490 | 1 | _aColección Aprender haciendo | |
| 830 | 0 |
_aColección Aprender haciendo _962711 |
|
| 999 |
_c35973 _d35973 |
||